| 000 | 01725nam a2200289Ia 4500 | ||
|---|---|---|---|
| 999 |
_c52872 _d52872 |
||
| 001 | 19902 | ||
| 003 | GE_BSU | ||
| 005 | 20200507152432.0 | ||
| 008 | 181216s2016||||ge |||||||||||||| ||geo|| | ||
| 020 | _a9789941084768 | ||
| 040 | _cGE_BSU | ||
| 041 | _ageo | ||
| 080 | _a28 ჰ-21 | ||
| 100 |
_aჰამიდულლაჰ, მუჰამმედ _98000 |
||
| 245 |
_aისლამი = Initiation a I'Islam / _cმუჰამმედ ჰამიდულლაჰ ; თარგმნა გიორგი კამლაძემ ; მთავარი რედაქტორი ზურაბ მიქელაძე ; თეოლოგიური რედაქტორი უშანგი ბოლქვაძე. |
||
| 264 |
_aბათუმი : _bერქამი, _c2016. |
||
| 300 |
_a416 გვ. ; _c19 სმ. |
||
| 520 | _aწიგნი გამოცემულია საქართველოს ახალგაზრდებზე დახმარების ასოციაციის მიერ სრულიად საქართველოს მუსლიმთა სამმართველოს ინიციატივით | ||
| 541 | _h5ლ. | ||
| 653 | _aისლამი | ||
| 653 | _aისლამი = Initiation a I'Islam | ||
| 653 | _aრელიგია | ||
| 700 |
_a კამლაძე, გიორგი _dთარგმნა _98001 |
||
| 700 |
_aმიქელაძე, ზურაბ _eმთავარი რედაქტორი _98002 |
||
| 700 |
_a ბოლქვაძე, უშანგი _eთეოლოგიური რედაქტორი _98003 |
||
| 942 |
_cBK _2udc |
||